000 00755nam a2200169Ia 4500
008 090711s9999 xx 000 0 und d
082 _b68600
100 _aपाटील रा. तु.
245 _aवसंतराव दादा पाटील एक दिलदार नेता व राजा माणूस
260 _c1990
300 _a151
600 _aपाटील रा. तु.
630 _aवसंतराव दादा पाटील एक दिलदार नेता व राजा माणूस
700 _aपाटील रा. तु.
730 _aवसंतराव दादा पाटील एक दिलदार नेता व राजा माणूस
942 _cBOOK
999 _c319395
_d319395